Shows That Went Off Air in 2014 Quiz Stats

 Plays Quiz not verified by Sporcle

Challenge
Share
Tweet
Embed
Score 0/104 Timer 15:00
0 Plays Today
Starring Show % Correct
Stephen ColbertThe Colbert Report
57.1%
Josh Radnor, Neil Patrick HarrisHow I Met Your Mother
57.1%
Simon Cowell, Demi LovatoThe X Factor
57.1%
Charlie SheenAnger Management
52.4%
Steve BuscemiBoardwalk Empire
52.4%
Honey Boo Boo, Mama JuneHere Comes Honey Boo Boo
47.6%
Jimmy FallonLate Night
47.6%
Anna Paquin, Stephen MoyerTrue Blood
47.6%
David DuchovnyCalifornication
42.9%
Chelsea HandlerChelsea Lately
42.9%
Sarah Michelle Gellar, Robin WilliamsThe Crazy Ones
42.9%
Michael J. FoxThe Michael J. Fox Show
42.9%
Craig FergusonThe Late Late Show
38.1%
Jay LenoThe Tonight Show
38.1%
Matt BomerWhite Collar
38.1%
Arsenio HallThe Arsenio Hall Show
33.3%
Larry Hagman, Patrick DuffyDallas
33.3%
Jennette McCurdy, Ariana GrandeSam & Cat
33.3%
Charlie Hunnam, Ron PerlmanSons of Anarchy
33.3%
Seth Green, Giovanni RibisiDads
28.6%
Karen Gillan, John ChoSelfie
28.6%
Karl Urban, Michael EalyAlmost Human
23.8%
Gordon RamsayKitchen Nightmares
23.8%
Jeff DanielsThe Newsroom
23.8%
Sean HayesSean Saves the World
23.8%
Elijah Wood, Jason GannWilfred
23.8%
China Anne McClainA.N.T. Farm
19%
Jonathan Rhys MeyersDracula
19%
Will Arnett, Beau BridgesThe Millers
19%
James Roday, Dule HillPsych
19%
Greg KinnearRake
19%
Jeremy Sisto, Jane LevySuburgatory
19%
Malin Akerman, Bradley WhitfordTrophy Wife
19%
Ari GraynorBad Teacher
14.3%
Geoff Stuts, Chris LowellEnlisted
14.3%
Starring Show % Correct
Breckin Meyer, Mark-Paul GosselarFranklin & Bash
14.3%
James Van Der Beek, Majandra DelfinoFriends with Better Lives
14.3%
Bridgit MendlerGood Luck Charlie
14.3%
Toni Collette, Dylan McDermottHostages
14.3%
Piers MorganPiers Morgan Live
14.3%
Lucas Neff, Martha PlimptonRaising Hope
14.3%
Christopher MeloniSurviving Jack
14.3%
Rebel WilsonSuper Fun Night
14.3%
Poppy MontgomeryUnforgettable
14.3%
Jake McLaughlin, Johnny SequoyahBelieve
9.5%
Diane Kruger, Demian BichirThe Bridge
9.5%
AnnaSophia RobbThe Carrie Diaries
9.5%
Dermot Mulroney, Rachael TaylorCrisis
9.5%
Eli Baker, J.K. SimmonsGrowing Up Fisher
9.5%
Josh HollowayIntelligence
9.5%
Analeigh Tipton, Jake McDormanManhattan Love Story
9.5%
Tori Spelling, Jennie GarthMystery Girls
9.5%
Jami Gertz, Lenny VenitoThe Neighbors
9.5%
Nicole Gale Anderson, Tyler BlackburnRavenswood
9.5%
Billy Burke, Tracy SpiridakosRevolution
9.5%
Reality ShowUtopia
9.5%
Julia Ormond, Jenna Dewan TatumWitches of East End
9.5%
Artie LangeThe Artie Lange Show
4.8%
Jodie Whittaker, Paul RhysThe Assets
4.8%
Sam Huntington, Sam WitwerBeing Human
4.8%
Regina King*, John Witherspoon*The Boondocks
4.8%
John MalkovichCrossbones
4.8%
Chris O' DowdFamily Tree
4.8%
Stephen MerchantHello Ladies
4.8%
Jaime PresslyJennifer Falls
4.8%
Tricia HelferKiller Women
4.8%
Mireille Enos, Joel KinnamanThe Killing
4.8%
Kirstie AlleyKirstie
4.8%
Christian Slater, Steve ZahnMind Games
4.8%
Adam Campbell, Adan CantoMixology
4.8%
Starring Show % Correct
Sophie Lowe, Michael SochaOnce Upon a Time in Wonderland
4.8%
Kim Wayans, Michael GladisReckless
4.8%
Aimee Teegarden, Matt LanterStar-Crossed
4.8%
Robbie Amell, Peyton ListThe Tomorrow People
4.8%
Avan Jogia, Maddie HassonTwisted
4.8%
Joanne Kelly, Eddie McClintockWarehouse 13
4.8%
Leeza Gibbons, Bill RancicAmerica Now
0%
Noah Reid, Dillon CaseyBackpackers
0%
Gina Cheatham, Kendrick EvansBAPs
0%
Yuri Lowenthal*Ben 10: Omniverse
0%
Bethenny FrankelBethenny
0%
Hannah Ware, Stuart TownsendBetrayal
0%
Various Rotating ComediansBest Week Ever
0%
Joe Dinicol, Karan SoniBetas
0%
Kelly Reilly, Ditch DaveyBlack Box
0%
CeeLo GreenThe Good Life
0%
Bobby Moynihan*, Michael Pena*Chozen
0%
Damon Gupton, Marin IrelandThe Divide
0%
Brooke ElliottDrop Dead Diva
0%
Artiaga familyFamous in 12
0%
Ramon Rodriguez, Jay HernandezGang Related
0%
Reality ShowI Wanna Marry Harry
0%
Janet Varney*The Legend of Korra
0%
Jim JeffriesLegit
0%
Gabriel LunaMatador
0%
Danny Masterson, Michael CassidyMen at Work
0%
Jon Berenthal, Neal McDonoughMob City
0%
Lisa LingOur America
0%
GameshowRiot
0%
Tom EllisRush
0%
George LopezSaint George
0%
Scott BaioSee Dad Run
0%
Will HaydenSons of Guns
0%
Steve ByrneSullivan & Son
0%

You're not logged in!

Compare scores with friends on all Sporcle quizzes.
Join for Free
OR
Log In

You Might Also Like...

Show Comments

Extras

Top Quizzes Today


Score Distribution

Your Account Isn't Verified!

In order to create a playlist on Sporcle, you need to verify the email address you used during registration. Go to your Sporcle Settings to finish the process.

Report this User

Report this user for behavior that violates our Community Guidelines.

Details: